LEADER 01174nam a2200253 i 4500 001 000000198743 003 CaOOAMICUS 005 20110309000000.0 008 110309n it u000 u ita u 013 $a177433 040 $aSeMil$bita 100 1 $aScolari, Leone.$0(OLS)http://semarc/name/71921 245 10$aTeoria e pratica della Rappresentanza Proporzionale :$bCronaca della R. P. Francia, Belgio, Finlandia, Italia /$cConferenza dell'avv. Leone Scolari. 260 $aMilano :$b[s.n.],$c[1913] 300 $a39 p. ;$c18 cm. 490 0 $aAssociazione proporzionalista ;$vN.4 500 $aTitolo dalla copertina. 650 4$aElezioni politiche - Sistema proporzionale.$0(OLS)http://semarc/subject/37331 830 0$aAssociazione proporzionalista ;$vN.4.$0(OLS)http://semarc/title/32959 850 $aSeMil 852 $aSeMil$W1$xVenegono$y1$m5D VIII 14/29$j149299$B149299$CSeMilBibl$Z2$F160664 $81 961 $aOmaggio: Altro 996 $6245$aTeoria e pratica della Rappresentanza Proporzionale :$bCronaca della R. P. Francia, Belgio, Finlandia, Italia$9(OLS)http://semarc/title/287262 996 $6260$aMilano :$b[s.n.]$9(OLS)http://semarc/publisher/29709 LEADER 01063nam a2200241 i 4500 001 000000225171 003 CaOOAMICUS 005 20131125000000.0 008 131125s1975 it u000 u ita u 013 $a204070 040 $aSeMil$bita 100 1 $aGeorge, Augustin,$c.$0(OLS)http://semarc/name/28593 240 10$aPour lire l'Evangile selon saint Luc.$0(OLS)http://semarc/title/322569 245 10$aLettura del vangelo di Luca /$cAugustin George. 260 $aAssisi :$bCittadella,$cstampa 1975. 300 $a123 p. ;$c19 cm. 490 0 $aQuaderni di spiritualitą ;$v21 650 4$aBibbia. Nuovo Testamento. Vangelo secondo Luca - Commentari, studi, critica, interpretazioni.$0(OLS)http://semarc/subject/142 830 0$aQuaderni di spiritualitą ;$v21.$0(OLS)http://semarc/title/6295 850 $aSeMil 852 $aSeMil$W1$xVenegono$y1$m2W I 370$j175517$B175517$CSeMilBibl$Z2$F185642 $81 996 $6245$aLettura del vangelo di Luca$9(OLS)http://semarc/title/322568 996 $6260$aAssisi :$bCittadella$9(OLS)http://semarc/publisher/29661